The 1-2-3 of modular forms: lectures at a Summer School in Nordfjordeid, Norway

Uloženo v:
Podrobná bibliografie
Hlavní autoři: Bruinier, Jan Hendrik (Autor), Geer, Gerard van der (Autor), Harder, Günter (Autor), Zagier, Don (Autor)
Médium: Kniha
Jazyk:angličtina
Vydáno: Berlín Springer 2008
Vydání:1a. ed
Edice:Universitext
Témata:
Tagy: Přidat tag
Žádné tagy, Buďte první, kdo vytvoří štítek k tomuto záznamu!

MARC

LEADER 00000cam a2200000 a 4500
001 UCF0846
003 CL-VaPUC
008 120614e20080000GW |||||||||||||||||eng|d
020 |a 9783540741176 
082 0 4 |a 516.35  |b BRU  |2 21 
100 0 |a Bruinier, Jan Hendrik  |e author  |9 562541 
700 0 |a Geer, Gerard van der  |e author  |9 562542 
700 0 |a Harder, Günter  |e author  |9 562543 
700 0 |a Zagier, Don  |e author  |9 562544 
245 1 4 |a The 1-2-3 of modular forms: lectures at a Summer School in Nordfjordeid, Norway 
250 |a 1a. ed 
300 |a 266 p 
942 |c BK 
945 |d 20120614 00:00:00  |a cmena 
260 |a Berlín  |b Springer  |c 2008 
650 0 |a Geometría algebraica  |9 270327 
650 0 |a Formas modulares  |9 425001 
650 7 |a SUPERFICIES MODULARES  |2 CL-VaPUC  |9 562545 
650 7 |a FORMA MODULAR DE HILBERT  |2 CL-VaPUC  |9 562546 
650 7 |a ELIPTICA  |2 CL-VaPUC  |9 562547 
583 |a last modification  |c 20130325 03:36:57  |k Rodrigo Vera 
490 0 |a Universitext 
999 |c 347944  |d 347942 
952 |0 0  |1 0  |4 0  |6 516_350000000000000_BRU_2008  |7 0  |8 A  |9 449749  |a BIBMAT  |b BIBMAT  |d 2019-11-22  |i 4876059  |o 516.35 BRU 2008  |p 4876059  |r 2025-01-07  |w 2019-11-22  |y BK  |k MAT